| 000 | 00424 a2200145 4500 | ||
|---|---|---|---|
| 005 | 20250507100702.0 | ||
| 020 | _a0-02-902360-2 | ||
| 082 | _a658.3 BEE | ||
| 100 | _aBEER, M. | ||
| 245 | _aHuman resources Management : A General Manager's Perspective, Text and Cases. | ||
| 260 |
_aNew York, _bThe Free Press, _c1965. |
||
| 300 |
_aXiv, 786p.: ill.; figure _bIndex _c24cm. |
||
| 700 | _aSPECTOR, B. et all.. | ||
| 942 |
_2ddc _cBKS |
||
| 999 |
_c2082 _d2082 |
||